000 00611nam a2200157Ia 4500
008 100122s9999 xx 000 0 und d
082 _b22353
_a824
100 _aमहाजनी ह रा
245 _aह.रा.महाजनी चिंतन शलाका (वा.क.क्र.1/6)
250 _a0
260 _bकमलिनी फडके
_c1974
300 _a158
630 _aह.रा.महाजनी चिंतन शलाका (वा.क.क्र.1/6)
730 _aह.रा.महाजनी चिंतन शलाका (वा.क.क्र.1/6)
942 _cBOOK
999 _c410220
_d410217